| 000 | 00714aam a2200265a 44500 | ||
|---|---|---|---|
| 008 | 000517s1910 cat | ||
| 041 | _acat | ||
| 080 | _a016:62 | ||
| 245 | _aVocabularis tècnic-industrials procedents del Primer Concurs Lexicogràfic de la Llengua Catalana | ||
| 260 | _aBarcelona | ||
| 260 | _b[s.n.] | ||
| 260 | _c1910 | ||
| 300 |
_a164 p. _c20 cm |
||
| 500 | _aExemplar fotocopiat i enquadernat en espiral | ||
| 591 | _a6578 | ||
| 592 | _aObra terminològica | ||
| 593 | _aJ | ||
| 594 | _a6578 | ||
| 650 |
_aindústries manufactureres _962555 |
||
| 901 | _c<1910> | ||
| 902 | _a000517 | ||
| 942 |
_cMO _n0 |
||
| 999 |
_c59101 _d59101 |
||